000 00499nam a2200193 a 4500
001 22620
005 20180713220540.0
008 140415s1976 ja 000 0 eng d
020 _a0333192001
041 _aeng
082 _a428.64
_bBHA
100 1 _aBHASKER, W. W. S.
245 1 0 _aENGLISH THROUGH READING
250 _a1a ed.
260 _aJAPON :
_bMACMILLAN EDUCATION LIMITED,
_c1976
300 _a182
650 1 4 _aINGLES
_xLECTURAS
700 1 _aPRABHU, N. S.
_ecoaut.
999 _c22620
_d22620